Premier League Fußballvereine 2024-25 - Statistiken

Allgemein
  • Dieses Quiz wurde 413 mal gespielt
  • Das Durchschnittsergebnis liegt bei 14 aus 20
Antwortstatistiken
Premier League % Korrekt
Manchester City
99%
Manchester United
99%
Liverpool
95%
Chelsea
94%
Arsenal
93%
Tottenham Hotspur
86%
Aston Villa
77%
Wolverhampton Wanderers
74%
Newcastle United
73%
Brighton
72%
West ham United
70%
Everton
66%
Leicester City
65%
Nottingham Forest
64%
Crystal Palace
55%
Southampton
52%
Brentford
49%
Ipswich Town
48%
Fulham
47%
Bournemouth
45%
Keine übereinstimmenden Quizze gefunden
Verteilung der Resultate
Anzahl Personen mit jedem Resultat
Perzentil nach korrekt beantworteten Fragen
Ihre Resultats-Entwicklung
Sie haben dieses Quiz noch nicht gespielt